Statistics for Garden Song - Phoebe Bridgers (Lyrics)

Click here to take the quiz!

General Stats

  • This quiz has been taken 4 times
  • The average score is 212 of 220

Answer Stats

Answer% Correct
a
100%
afraid
100%
all
100%
And
100%
and
100%
at
100%
be
100%
before
100%
but
100%
But
100%
do
100%
doctor
100%
don't
100%
door
100%
dorm
100%
dream
100%
everything
100%
Except
100%
find
100%
flames
100%
frame
100%
From
100%
garden
100%
get
100%
getting
100%
glueing
100%
goes
100%
gonna
100%
got
100%
grew
100%
grow
100%
growing
100%
hands
100%
hard
100%
haunted
100%
have
100%
hedge
100%
her
100%
here
100%
hill
100%
house
100%
how
100%
I
100%
I'll
100%
I'm
100%
In
100%
in
100%
insist
100%
into
100%
It
100%
it
100%
it's
100%
just
100%
know
100%
leg
100%
life
100%
like
100%
live
100%
liver
100%
look
100%
maze
100%
me
100%
mean
100%
missing
100%
movies
100%
must
100%
my
100%
neighbour
100%
No
100%
not
100%
notches
100%
of
100%
on
100%
our
100%
over
100%
phone
100%
plant
100%
put
100%
reflection
100%
remember
100%
resentment's
100%
room
100%
roses
100%
screen
100%
See
100%
see
100%
seeing
100%
She
100%
should
100%
skinhead
100%
smaller
100%
something
100%
taller
100%
that
100%
The
100%
the
100%
They're
100%
thousands
100%
tidal
100%
'til
100%
to
100%
told
100%
touch
100%
turns
100%
up
100%
wake
100%
want
100%
wanted
100%
water
100%
wave
100%
we
100%
went
100%
what
100%
when
100%
work
100%
yard
100%
You
100%
you
100%
your
100%
Everything's
50%
fence
50%
flatbed
50%
hopped
50%
Huntington
50%
knew
50%
recurring
50%
seventeen
50%
Someday
50%
then
50%
Then
50%
was
50%
bridge
0%
Off
0%

Score Distribution

Percentile by Number Answered

Percent of People with Each Score

Your Score History

You have not taken this quiz